acerte o país pelas dicas geográficas - Statistics

Estatísticas Gerais
  • Esse quiz foi jogado 129 vezes
  • A pontuação média é 7 de 15
Estatísticas das Respostas
DICAS Resposta % Correto
-MAIOR DISTÂNCIA LATITUDINAL-CONTÉM 1 EXCLAVE -BI CONTINENTAL RÚSSIA
84%
-MAIOR PAÍS DO MUNDO SEM FRONTEIRAS TERRESTRES-POSSUI VÁRIOS DESERTOS EM SEU TERRITÓRIO -LAR DE VÁRIAS ESPÉCIES ENDÊMICAS AUSTRÁLIA
74%
-PAÍS COM MAIOR DISTÂNCIA LONGITUDINAL.-PAÍS ENTRE OS MEGA DIVERSOS DO MUNDO -CONTÊM 4 FUSOS HORÁRIOS. BRASIL
72%
-PAÍS COM MAIOR NÚMERO DE CAPITAIS OFICIAIS-POSSUI 1 ENCLAVE EM SEU TERRITÓRIO -POSSUI 11 IDIOMAS OFICIAIS ÁFRICA DO SUL
69%
-PAÍS TRANSCONTINENTAL-POVO ANTIGO -RIO FAMOSO EGITO
56%
-PAÍS DE LÍNGUA PORTUGUESA-CONTÉM O NOME DE SUA CAPITAL EM SEU NOME OFICIAL PARA SE DIFERENCIAR DE SEU VIZINHO QUE POSSUI O NOME SEMELHANTE. -POSSUI UM GRANDE ARQUIPÉLAGO PRÓXIMO AO SEU LITORAL GUINÉ-BISSAU
49%
-FRONTEIRA TERRESTRE APENAS COM 1 PAÍS.-DISPUTA TERRITORIAL COM OS EUA. -SEGUNDO PAÍS DO CONTINENTE A CONQUISTAR INDEPENDÊNCIA. HAITI
43%
-ÚNICO IMPÉRIO NO MUNDO ATUALMENTE-MAIS LONGA DINASTIA EXISTENTE NO MOMENTO -HINO NACIONAL MAIS CURTO DO MUNDO JAPÃO
41%
-ÚNICO PAÍS NOS 4 HEMISFÉRIOS DA TERRA
-PRIMEIRO PAÍS A COMEMORAR O ANO NOVO
-GRAVE AMEAÇA A DESAPARECER DEVIDO AO AUMENTO DAS ÁGUAS
KIRIBATI
36%
-MENOR LITORAL DO MUNDO-MONARQUIA CONSTITUCIONAL -PRINCESA MORTA EM ACIDENTE DE CARRO MÔNACO
35%
-CONTÊM 3 EXCLAVES EM PAÍSES VIZINHOS-VÁRIAS REGIÕES DO PAÍS BUSCAM A INDEPENDÊNCIA -SEU HINO NACIONAL NÃO CONTÉM UMA LETRA OFICIAL ESPANHA
34%
-NUNCA FOI COLONIZADO POR EUROPEUS-FUNDADA POR EX ESCRAVOS LIBERTOS -USA O SISTEMA IMPERIAL LIBÉRIA
30%
-SEUS REPRESENTANTES SÃO ELEITOS A CADA 6 MESES-MAIS ANTIGA REPÚBLICA DO MUNDO -FAMOSO CIRCUITO DE FÓRMULA 1 SAN MARINO
23%
-CONQUISTOU SUA INDEPENDÊNCIA DA COLONIZAÇÃO EUROPEIA E LOGO DEPOIS FOI INVADIDA PELO SEU VIZINHO-POSSUI UM EXCLAVE -SUA SELEÇÃO DE FUTSAL TOMOU A MAIOR GOLEADA DA HISTÓRIA TIMOR-LESTE
12%
-HINO NACIONAL MAIS LONGO DO MUNDO-FEZ PARTE DE UM IMPÉRIO -REIVINDICAÇÕES TERRITORIAIS COM SEU VIZINHO DO NORTE URUGUAI
12%
Nenhum quiz correspondente encontrado
Distribuição das Pontuações
Porcentagem de Pessoas com Cada Pontuação
Percentil de Números Respondidos
Sua Pontuação Histórica
Você não jogou esse quiz